Table Editor Application Options for Analysis of Patients' Condition

Guardado en:
Detalles Bibliográficos
Autor principal: Bekmoldaevna, Aigul Baimakhanova
Otros Autores: Kultan, Jaroslav, 1960-
Formato: Capítulo de libro
Lenguaje:inglés
Materias:
Etiquetas: Agregar Etiqueta
Sin Etiquetas, Sea el primero en etiquetar este registro!

MARC

LEADER 00000naa$a2200000$$$4500
001 0305539
005 20250127093400.4
041 0 |a eng 
044 |a SK 
245 1 0 |a Table Editor Application Options for Analysis of Patients' Condition  |c Aigul Baimakhanova Bekmoldaevna, Jaroslav Kultan 
500 |a Abstrakt 
610 2 0 |a digitalizácia 
610 2 0 |a pacienti 
100 1 |a Bekmoldaevna, Aigul Baimakhanova 
700 1 |a Kultan, Jaroslav, 1960-